Relatos del río : (Registro nro. 58757)
[ vista simple ]
| 000 -CABECERA | |
|---|---|
| Longitud fija campo de control | 01978nam a2200397 c 4500 |
| 003 - • IDENTIFICADOR DELl NÚMERO DE CONTROL | |
| Identificador del número de control | CO-BoRNBP |
| 005 - • FECHA Y HORA DE LA ÚLTIMA TRANSACCIÓN | |
| Fecha y hora de la última transacción | 20250827221830.0 |
| 007 - • CAMPO FIJO DE DESCRIPCIÓN FÍSICA | |
| Campo fijo de descripción física | ta |
| 008 - • CÓDIGOS DE INFORMACIÓN DE LONGITUD FIJA | |
| Códigos de información de longitud fija | 231129s2023 ck a |br|||| 00| 0 spa d |
| 020 ## - • NÚMERO INTERNACIONAL NORMALIZADO PARA LIBROS | |
| Número Internacional Normalizado para Libros (ISBN) | 9789585690295 |
| 040 ## - FUENTE DE LA CATALOGACIÓN | |
| Centro catalogador de origen | CO-BoRNBP |
| Lengua de catalogación | spa |
| Normas de descripción | rda |
| Centro transcriptor | CO-BoRNBP |
| 041 0# - • CÓDIGO DE LENGUA | |
| Código de lengua original | spa |
| 043 ## - CÓDIGO DE ÁREA GEOGRÁFICA | |
| Código de área geográfica | s-mx--- |
| 084 ## - • Clasificación Local Alfanúmerica PNLB | |
| Número de clasificación | C |
| 245 00 - • TITULO PROPIAMENTE DICHO | |
| Título | Relatos del río : |
| Resto del título | historias en comunidad alrededor del agua y la vida / |
| Mención de responsabilidad, etc. | Alfredo Flores [y otros diecisiete] ilustrado por Aura Gaitán [y otros ocho]. |
| 250 ## - • MENCIÓN DE EDICIÓN | |
| Mención de edición | Edición especial |
| 264 #1 - PRODUCCIÓN, PUBLICACIÓN , DISTRIBUCIÓN, FABRICACIÓN Y COPYRIGHT | |
| Lugar de producción, publicación, distribución, fabricación | Bogotá, Colombia : |
| Nombre del productor, editor, distribuidor, fabricante | Editorial Tagigo, |
| Fecha de de producción, publicación, distribución, fabricación o copyright | 2023 |
| 300 ## - • DESCRIPCIÓN FÍSICA | |
| Extensión | 47 páginas : |
| Otras características físicas | ilustraciones a color |
| 336 ## - TIPO DE CONTENIDO | |
| Término de tipo de contenido | texto |
| Código de tipo de contenido | txt |
| Fuente | rdacontent |
| 337 ## - TIPO DE MEDIO | |
| Nombre del tipo de medio | sin mediación |
| Código del tipo de medio | n |
| Fuente | rdamedia |
| 338 ## - TIPO DE SOPORTE | |
| Nombre del tipo de soporte | volumen |
| Código del tipo de soporte | nc |
| Fuente | rdacarrier |
| 520 ## - • NOTA DE RESUMEN | |
| Resumen, etc, | Compilación de narraciones propias de comunidades y autores que nos comparten saberes y filosofías de las culturas Murui-Muina, Bora, Inga, Cofán y Afrovalluna del territorio colombiano, así como un relato de la cultura Cucapáh del norte de México. Todos estos mensajes conviven alrededor de la experiencia, la sabiduría y la cultura que crece y florece a orilla de los ríos, un territorio que define a las comunidades que lo habitan. Esperamos que esta colección de mensajes enviados al Colibrí resuene en el lector, para que juntos podamos recordar e imaginar otros mundos posibles |
| 521 ## - • NOTA DE PÚBLICO DESTINATARIO | |
| Nota público destinatario (R ) | Recomendado para un público infantil a partir de los 6 años |
| 650 04 - • PUNTO DE ACCESO ADICIONAL DE MATERIA - TÉRMINO DE MATERIA | |
| Término de materia o nombre geográfico como elemento inicial | Cuentos infantiles mexicanos |
| Subdivisión cronológica | Siglo XXI |
| Fuente del encabezamiento o término | LEMB |
| 650 07 - • PUNTO DE ACCESO ADICIONAL DE MATERIA - TÉRMINO DE MATERIA | |
| Término de materia o nombre geográfico como elemento inicial | Indigenas de México |
| Fuente del encabezamiento o término | lemb |
| 650 07 - • PUNTO DE ACCESO ADICIONAL DE MATERIA - TÉRMINO DE MATERIA | |
| Término de materia o nombre geográfico como elemento inicial | Libros ilustrados para niños |
| Fuente del encabezamiento o término | LEMB |
| 650 04 - • PUNTO DE ACCESO ADICIONAL DE MATERIA - TÉRMINO DE MATERIA | |
| Término de materia o nombre geográfico como elemento inicial | Literatura infantil mexicana |
| Subdivisión cronológica | Siglo XXI |
| Fuente del encabezamiento o término | LEMB |
| 700 ## - • PUNTO DE ACCESO ADICIONAL - NOMBRE DE PERSONA | |
| Nombre de persona | Alarcón, Alejandra |
| Término indicativo de función | ill |
| 700 ## - • PUNTO DE ACCESO ADICIONAL - NOMBRE DE PERSONA | |
| Nombre de persona | Campos, Ocarina |
| Término indicativo de función | ill |
| 700 ## - • PUNTO DE ACCESO ADICIONAL - NOMBRE DE PERSONA | |
| Nombre de persona | Fiagama, Leocadia |
| Término indicativo de función | aut |
| 700 ## - • PUNTO DE ACCESO ADICIONAL - NOMBRE DE PERSONA | |
| Nombre de persona | Pacheco, Camila |
| Término indicativo de función | aut |
| 700 ## - • PUNTO DE ACCESO ADICIONAL - NOMBRE DE PERSONA | |
| Nombre de persona | Sánchez, Erlindo |
| Término indicativo de función | aut |
| 700 ## - • PUNTO DE ACCESO ADICIONAL - NOMBRE DE PERSONA | |
| Nombre de persona | Sarmiento, Sara |
| Término indicativo de función | ill |
| 942 ## - ENTRADA DE ELEMENTOS AGREGADOS (KOHA) | |
| Fuente de clasificaión o esquema | |
| Koha [por defecto] tipo de item | Literatura Infantil |
| Perdido | Fuente de clasificación o esquema | Estado Físico | No para préstamo | Forma de adquisición | Localización permanente | Localización actual | Localización en estanterías | Fecha adquisición | Préstamos totales | Signatura completa | Código de barras | Fecha última consulta | Número de copia | Fecha del precio de reemplazo | Tipo de item de Koha |
|---|---|---|---|---|---|---|---|---|---|---|---|---|---|---|---|
| Clasificación Local Facetada | Infantil | Biblioteca Pública Fuentedeoro - Henry Llanos García | Biblioteca Pública Fuentedeoro - Henry Llanos García | Sala Infantil | 08/27/2025 | C REL5 | Fo02716 | 08/27/2025 | Ej.1 | 08/27/2025 | Libro Infantil |